|
|
|
|
| LEADER |
00000nam a2200000 a 4500 |
| 001 |
vtls010635799 |
| 003 |
SK-MaSNL |
| 005 |
20260301175111.0 |
| 008 |
250313s1981 xr e 000 0 cze |
| 035 |
|
|
|a 8153F75C-DBBC-4799-986B-DDE103416DE3
|
| 035 |
|
|
|a urn:nbn:sk:snk-amjzk4
|
| 035 |
|
|
|a urn:nbn:sk:snk-am00817s
|
| 040 |
|
|
|a SNK
|b slo
|c SNK
|e AACR2
|
| 041 |
0 |
|
|a cze
|
| 044 |
|
|
|a xr
|c CZ
|
| 080 |
|
|
|a 621.7(075.8)
|2 1981
|
| 080 |
|
|
|a 621.9(075.8)
|2 1981
|
| 245 |
0 |
0 |
|a Výrobní procesy
|b ... pro posluchače fakulty elektrotehnické
|n 1. [díl.]
|c autor: Zdeněk Hostinský ... [et al.]
|
| 250 |
|
|
|a 1. vyd.
|
| 260 |
|
|
|a Praha
|b Státní nakladatelství technické literatury
|c 1981
|
| 300 |
|
|
|a 118 s.
|c 4°
|
| 366 |
|
|
|e 967 výt.
|
| 500 |
|
|
|a Vydalo Vys. učení technické v Brne
|
| 504 |
|
|
|a Bibliogr. odkazy
|
| 650 |
0 |
7 |
|a výrobné procesy
|2 SNKPH
|9 49951
|
| 650 |
0 |
7 |
|a výrobné technológie
|2 SNKPH
|9 4198
|
| 650 |
0 |
7 |
|a výrobné stroje a zariadenia
|2 SNKPH
|9 65983
|
| 852 |
|
|
|a Slovenská národná knižnica
|
| 958 |
|
|
|a OND
|
| 999 |
|
|
|c 841714
|d 843644
|
| 952 |
|
|
|a SNK
|b SNK
|y PREZ
|7 0
|p 17A0991891
|o snkSB 32281/1
|i snkKIP 8691/81
|0 0
|1 0
|4 0
|d 2014-11-14
|f 1
|l 0
|r 2025-04-04 00:00:00
|w 2026-02-24
|
| 952 |
|
|
|a SNK
|b SNK
|y VYP
|7 0
|o snkSB 32281/1 D1
|i snkKIP 8692/81
|0 0
|1 0
|4 0
|d 2014-11-14
|l 0
|r 2026-02-24 04:14:15
|w 2026-02-24
|